<?xml version="1.0" encoding="UTF-8"?>
<record
    xmlns:xsi="http://www.w3.org/2001/XMLSchema-instance"
    xsi:schemaLocation="http://www.loc.gov/MARC21/slim http://www.loc.gov/standards/marcxml/schema/MARC21slim.xsd"
    xmlns="http://www.loc.gov/MARC21/slim">

  <leader>01527nam a22003135  4500</leader>
  <controlfield tag="001"> </controlfield>
  <controlfield tag="003"> </controlfield>
  <controlfield tag="005">20220524134316.0</controlfield>
  <controlfield tag="008">930520s1976  sp |         |||| ||spa  </controlfield>
  <datafield tag="020" ind1=" " ind2=" ">
    <subfield code="a">84843200460X</subfield>
  </datafield>
  <datafield tag="040" ind1=" " ind2=" ">
    <subfield code="a">BPMSU </subfield>
    <subfield code="b">spa</subfield>
    <subfield code="c">BPMSU</subfield>
    <subfield code="e"> </subfield>
  </datafield>
  <datafield tag="082" ind1=" " ind2=" ">
    <subfield code="a">R-759</subfield>
    <subfield code="b">M752p 1976-78</subfield>
    <subfield code="2">22</subfield>
  </datafield>
  <datafield tag="100" ind1="1" ind2=" ">
    <subfield code="a">Monreal Agust&#xED;, Luis</subfield>
    <subfield code="d">1912-2005.</subfield>
  </datafield>
  <datafield tag="245" ind1="0" ind2="3">
    <subfield code="a">La pintura en los grandes museos /</subfield>
    <subfield code="c"> Luis Monreal Agust&#xED; y Luis Monreal y Tejada</subfield>
  </datafield>
  <datafield tag="246" ind1="1" ind2="3">
    <subfield code="a">Enciclopedia Tem&#xE1;tica Planeta </subfield>
  </datafield>
  <datafield tag="246" ind1="1" ind2="8">
    <subfield code="a">Grandes museos </subfield>
  </datafield>
  <datafield tag="260" ind1=" " ind2=" ">
    <subfield code="a">Madrid :</subfield>
    <subfield code="b">Editorial Planeta,</subfield>
    <subfield code="c">1976-78</subfield>
  </datafield>
  <datafield tag="300" ind1=" " ind2=" ">
    <subfield code="a">v :</subfield>
    <subfield code="b">il. retrs.;</subfield>
    <subfield code="c">31 cm</subfield>
  </datafield>
  <datafield tag="500" ind1=" " ind2=" ">
    <subfield code="a">Incluye: Diccionario Larousse de la pintura,  bajo la direcci&#xF3;n de Michel Laclotte y El grabado, redactado por Juan Carrete Parrondo</subfield>
  </datafield>
  <datafield tag="504" ind1=" " ind2=" ">
    <subfield code="a">&#xCD;ndice bibliogr&#xE1;fico de pintores al final de cada vol.</subfield>
  </datafield>
  <datafield tag="505" ind1="0" ind2=" ">
    <subfield code="a">v. 2 Museo de Louvre ; Museo de Jeu de Paume ; Museo de Basilea ; Museo de Viena. -- v. 3 Galer&#xED;ade los Uffizi ; Pinacoteca de Brera ; Academia de Venecia ; Galeria Borghese ; Galeria Nacional de Capodi Monti</subfield>
  </datafield>
  <datafield tag="505" ind1="0" ind2=" ">
    <subfield code="a">v. 4 Reales Museos de Bruselas ; Museo Real de Amberes ; Rijkmuseum de Amsterdam ; Museo Bizantino de Atenas ; Museo Nacional de Tokio. -- v. 5 Alte pinakothek de Munich ; Galer&#xED;a Dahlem de Berl&#xED;n ; Galeria de Pinturas de Dresde ; Galer&#xED;a Nacional de Praga ; Museo Nacional de Bellas Artes</subfield>
  </datafield>
  <datafield tag="506" ind1=" " ind2=" ">
    <subfield code="a"> </subfield>
  </datafield>
  <datafield tag="590" ind1=" " ind2=" ">
    <subfield code="6">Inventariado, 2022/VM</subfield>
  </datafield>
  <datafield tag="650" ind1=" " ind2="4">
    <subfield code="a">Pintura</subfield>
    <subfield code="v">Enciclopedias</subfield>
  </datafield>
  <datafield tag="700" ind1="1" ind2=" ">
    <subfield code="a">Monreal, Luis</subfield>
  </datafield>
  <datafield tag="910" ind1=" " ind2=" ">
    <subfield code="a">VMateo V. </subfield>
  </datafield>
  <datafield tag="942" ind1=" " ind2=" ">
    <subfield code="2">ddc</subfield>
    <subfield code="c">BK</subfield>
  </datafield>
  <datafield tag="952" ind1=" " ind2=" ">
    <subfield code="0">0</subfield>
    <subfield code="1">0</subfield>
    <subfield code="2">ddc</subfield>
    <subfield code="4">0</subfield>
    <subfield code="7">0</subfield>
    <subfield code="8">CR-G</subfield>
    <subfield code="a">BPMET</subfield>
    <subfield code="b">BPMET</subfield>
    <subfield code="d">2022-05-24</subfield>
    <subfield code="l">0</subfield>
    <subfield code="o">BPMSU CGR R-759 M752p 1976</subfield>
    <subfield code="p">BPMSU22050055</subfield>
    <subfield code="r">2022-05-24</subfield>
    <subfield code="t">v.2</subfield>
    <subfield code="w">2022-05-24</subfield>
    <subfield code="y">BK</subfield>
  </datafield>
  <datafield tag="952" ind1=" " ind2=" ">
    <subfield code="0">0</subfield>
    <subfield code="1">0</subfield>
    <subfield code="2">ddc</subfield>
    <subfield code="4">0</subfield>
    <subfield code="7">0</subfield>
    <subfield code="8">CR-G</subfield>
    <subfield code="a">BPMET</subfield>
    <subfield code="b">BPMET</subfield>
    <subfield code="d">2022-05-24</subfield>
    <subfield code="l">0</subfield>
    <subfield code="o">BPMSU CGR R-759 M752p 1977</subfield>
    <subfield code="p">BPMSU22050056</subfield>
    <subfield code="r">2022-05-24</subfield>
    <subfield code="t">v.3</subfield>
    <subfield code="w">2022-05-24</subfield>
    <subfield code="y">BK</subfield>
  </datafield>
  <datafield tag="952" ind1=" " ind2=" ">
    <subfield code="0">0</subfield>
    <subfield code="1">0</subfield>
    <subfield code="2">ddc</subfield>
    <subfield code="4">0</subfield>
    <subfield code="7">0</subfield>
    <subfield code="8">CR-G</subfield>
    <subfield code="a">BPMET</subfield>
    <subfield code="b">BPMET</subfield>
    <subfield code="d">2022-05-24</subfield>
    <subfield code="l">0</subfield>
    <subfield code="o">BPMSU CGR R-759 M752p 1977</subfield>
    <subfield code="p">BPMSU22050057</subfield>
    <subfield code="r">2022-05-24</subfield>
    <subfield code="t">v.4</subfield>
    <subfield code="w">2022-05-24</subfield>
    <subfield code="y">BK</subfield>
  </datafield>
  <datafield tag="952" ind1=" " ind2=" ">
    <subfield code="0">0</subfield>
    <subfield code="1">0</subfield>
    <subfield code="2">ddc</subfield>
    <subfield code="4">0</subfield>
    <subfield code="7">0</subfield>
    <subfield code="8">CR-G</subfield>
    <subfield code="a">BPMET</subfield>
    <subfield code="b">BPMET</subfield>
    <subfield code="d">2022-05-24</subfield>
    <subfield code="l">0</subfield>
    <subfield code="o">BPMSU CGR R-759 M752p 1978</subfield>
    <subfield code="p">BPMSU22050058</subfield>
    <subfield code="r">2022-05-24</subfield>
    <subfield code="t">v.5</subfield>
    <subfield code="w">2022-05-24</subfield>
    <subfield code="y">BK</subfield>
  </datafield>
  <datafield tag="999" ind1=" " ind2=" ">
    <subfield code="c">14214</subfield>
    <subfield code="d">14214</subfield>
  </datafield>
</record>
